<?xml version="1.0" encoding="UTF-8"?>
<record
    xmlns:xsi="http://www.w3.org/2001/XMLSchema-instance"
    xsi:schemaLocation="http://www.loc.gov/MARC21/slim http://www.loc.gov/standards/marcxml/schema/MARC21slim.xsd"
    xmlns="http://www.loc.gov/MARC21/slim">

  <leader>01271    a2200181   4500</leader>
  <controlfield tag="003">NUST</controlfield>
  <controlfield tag="005">20230127122705.0</controlfield>
  <datafield tag="040" ind1=" " ind2=" ">
    <subfield code="c">Nust</subfield>
  </datafield>
  <datafield tag="082" ind1=" " ind2=" ">
    <subfield code="a">904.429,MOR</subfield>
  </datafield>
  <datafield tag="100" ind1=" " ind2=" ">
    <subfield code="a">Morton, H.V</subfield>
    <subfield code="9">107897</subfield>
  </datafield>
  <datafield tag="245" ind1=" " ind2=" ">
    <subfield code="a">In Search of Wales /</subfield>
    <subfield code="c">H.v.Morton</subfield>
  </datafield>
  <datafield tag="250" ind1=" " ind2=" ">
    <subfield code="a">8th ed.</subfield>
  </datafield>
  <datafield tag="260" ind1=" " ind2=" ">
    <subfield code="a">London</subfield>
    <subfield code="b">Methuen and Co</subfield>
    <subfield code="c">1936</subfield>
  </datafield>
  <datafield tag="300" ind1=" " ind2=" ">
    <subfield code="a">272:p.</subfield>
  </datafield>
  <datafield tag="505" ind1=" " ind2=" ">
    <subfield code="a">I go in Search of Wales find my way to the Border Marches (Page-1), In Which I go to Llangollen hear about the old ladies (Page-18), How I leave Llangollen come to Owen Glendower&#x2019;s land travel up the lovely (Page-34), I Visit the Cathedral of St. Asaph and the Castle of rhuddlan (Page-52), Tells how I went to  Bangor admired a University heard a Pagan dance on the harp. (Page-76), I Explore the Green Isle of Anglesey see the birthplace of owen tudor (Page-90), In Which I vist st. Beuno&#x2019;s church (Page-111), In which I fail to Climb snowdon in a train but succeed on my feet (Page-135), I go to Bala remember famous Welshmen hear the story of king Arthur.. (Page-162), Welsh rain all the way to Cardigan (Page-194), In which I enter Black Wales at Llanelly (Page-218), I admire Cardiff Travel through the gloomy Rhondda Valley (Page-235).  </subfield>
  </datafield>
  <datafield tag="650" ind1=" " ind2=" ">
    <subfield code="a">Search of Wales</subfield>
    <subfield code="9">107898</subfield>
  </datafield>
  <datafield tag="942" ind1=" " ind2=" ">
    <subfield code="2">ddc</subfield>
    <subfield code="c">BK</subfield>
    <subfield code="k">904.429,MOR</subfield>
  </datafield>
  <datafield tag="999" ind1=" " ind2=" ">
    <subfield code="c">186172</subfield>
    <subfield code="d">186172</subfield>
  </datafield>
  <datafield tag="952" ind1=" " ind2=" ">
    <subfield code="0">0</subfield>
    <subfield code="1">0</subfield>
    <subfield code="2">ddc</subfield>
    <subfield code="4">0</subfield>
    <subfield code="7">0</subfield>
    <subfield code="a">MCS</subfield>
    <subfield code="b">MCS</subfield>
    <subfield code="c">GEN</subfield>
    <subfield code="d">2016-12-12</subfield>
    <subfield code="o">904.429,MOR</subfield>
    <subfield code="p">MCS29037</subfield>
    <subfield code="r">2016-12-08</subfield>
    <subfield code="w">2016-12-12</subfield>
    <subfield code="y">BK</subfield>
    <subfield code="z">Almirah No.58, Shelf No.3</subfield>
  </datafield>
</record>
